000 00315nam a2200109Ia 4500
008 200302s9999 xx 000 0 und d
100 _aDaniela Bertol
245 _aVisualizing With Cad : An Autocad Exploration Of Geometric And Architectural Forms -- Cd
260 _bAllan M Wylde
260 _c1994
300 _a359 P
999 _c4969
_d4969